[Event "11th EUR-ch"]
[Site "Rijeka CRO"]
[Date "2010.03.16"]
[Round "10"]
[White "Zelcic, Robert"]
[Black "Gelashvili, Tamaz"]
[Result "0-1"]
[WhiteElo "2547"]
[BlackElo "2621"]
[EventDate "2010.03.06"]
[PlyCount "58"]

1.e4 d6 2.d4 g6 3.Nc3 Bg7 4.Bg5 Nd7 5.Qd2 a6 6.Nf3 b5 7.O-O-O Bb7 8.e5 h6 
9.Bf4 g5 10.Bg3 dxe5 11.dxe5 e6 12.Qe1 Ne7 13.Bd3 b4 14.Be4 bxc3 15.Bxb7 
Qb8 16.Rxd7 Qxb7 17.Rxe7+ Kxe7 18.Qxc3 Rhd8 19.h4 g4 20.Qa3+ c5 21.Qxc5+ 
Ke8 22.Ne1 Rac8 23.Qe3 Qd5 24.b3 Qd1+ 25.Kb2 Rd2 26.Qe4 Re2 27.Qa4+ Kf8 
28.Ka3 Qc1+ 29.Kb4 Re4+ 0-1

[Event "11th EUR-ch"]
[Site "Rijeka CRO"]
[Date "2010.03.16"]
[Round "10"]
[White "Brkic, Ante"]
[Black "Iordachescu, Viorel"]
[Result "1-0"]
[WhiteElo "2543"]
[BlackElo "2621"]
[EventDate "2010.03.06"]
[PlyCount "87"]

1.e4 e5 2.Nf3 d6 3.d4 exd4 4.Nxd4 Nf6 5.Nc3 Be7 6.Be2 O-O 7.Bf4 Re8 8.Qd2 
Bf8 9.f3 a6 10.O-O-O b5 11.g4 b4 12.Nd5 Nxd5 13.exd5 Bb7 14.Bc4 Nd7 15.
Qxb4 Rb8 16.Qc3 Qf6 17.Bd2 Nb6 18.g5 Qd8 19.Nc6 Bxc6 20.dxc6 Re5 21.Bb3 a5
22.a4 g6 23.f4 Rc5 24.Qf6 Qxf6 25.gxf6 Nc4 26.Bc3 Bh6 27.Kb1 Ne3 28.Rde1 
Rxc3 29.bxc3 Bxf4 30.Ka2 g5 31.Re2 h5 32.Rf2 Ng4 33.Rxf4 gxf4 34.Rf1 Nxf6 
35.Rxf4 Kg7 36.Rf5 Rb6 37.Rxa5 Rxc6 38.h4 Rxc3 39.Rg5+ Kf8 40.a5 d5 41.Ka3
c6 42.Kb4 Ne4 43.a6 Rc5 44.c4 1-0

[Event "11th EUR-ch"]
[Site "Rijeka CRO"]
[Date "2010.03.16"]
[Round "10"]
[White "Neverov, Valeriy"]
[Black "Howell, David"]
[Result "0-1"]
[WhiteElo "2542"]
[BlackElo "2612"]
[EventDate "2010.03.06"]
[PlyCount "190"]

1.Nf3 Nf6 2.d4 g6 3.Nc3 Bg7 4.e4 d6 5.g3 c5 6.Bg2 cxd4 7.Nxd4 Bd7 8.h3 Nc6
9.Be3 O-O 10.O-O Rc8 11.a4 a6 12.Nxc6 bxc6 13.a5 Rb8 14.Na4 Rb4 15.Bb6 Qe8
16.e5 dxe5 17.Qd2 c5 18.Nxc5 Rd4 19.Qc1 Bc6 20.Bxc6 Qxc6 21.Nxa6 Nd5 22.c3
Rc4 23.Qd2 Nxb6 24.axb6 Qxb6 25.Nb4 e6 26.Ra6 Qb7 27.Rfa1 h5 28.Ra7 Qc8 
29.Qd7 e4 30.Qxc8 Rfxc8 31.Rd7 R4c7 32.Rxc7 Rxc7 33.Re1 f5 34.f3 exf3 35.
Rxe6 g5 36.Rg6 g4 37.Rg5 Rd7 38.Rxf5 Rd1+ 39.Kf2 Rd2+ 40.Kg1 Rd1+ 41.Kf2 
Rd2+ 42.Kg1 Bh6 43.Nd5 Kg7 44.Rxh5 gxh3 45.Rxh3 Rxd5 46.Kf2 Rf5 47.Rh1 Rb5
48.Kxf3 Rxb2 49.Rd1 Bd2 50.c4 Kf6 51.Ke4 Ke6 52.c5 Rb4+ 53.Kd3 Bg5 54.Kc3 
Rg4 55.Rd6+ Ke5 56.Rd3 Bh6 57.Rd8 Bg7 58.Kb3 Bf6 59.Rd3 Ke6 60.Rd6+ Ke7 
61.Rd5 Ke6 62.Rd6+ Ke5 63.Rd7 Kf5 64.Rd5+ Be5 65.c6 Ke6 66.Rc5 Bc7 67.Rc3 
Kd5 68.Kc2 Rg7 69.Kb3 Rg4 70.Rc2 Kd6 71.Rc3 Ba5 72.Rc4 Rxg3+ 73.Ka4 Rg5 
74.Rc2 Kc7 75.Rc1 Bd2 76.Rc2 Bf4 77.Kb4 Bd6+ 78.Kc4 Kxc6 79.Kd4+ Kd7 80.
Ke4 Ke6 81.Rc4 Rh5 82.Rd4 Bc5 83.Rc4 Kd6 84.Rc2 Rh4+ 85.Kf5 Be3 86.Re2 
Rf4+ 87.Kg5 Re4+ 88.Kg6 Ke6 89.Re1 Re5 90.Re2 Rg5+ 91.Kh6 Rg3+ 92.Kh5 Kf5 
93.Kh4 Rf3 94.Rh2 Bf4 95.Rg2 Rf1 0-1

[Event "11th EUR-ch"]
[Site "Rijeka CRO"]
[Date "2010.03.16"]
[Round "10"]
[White "Naer, Evgeny"]
[Black "Ruck, Robert"]
[Result "1-0"]
[WhiteElo "2665"]
[BlackElo "2570"]
[EventDate "2010.03.06"]
[PlyCount "77"]

1.e4 c6 2.d4 d5 3.e5 Bf5 4.Nf3 e6 5.Be2 Nd7 6.O-O Be7 7.c3 h5 8.a4 Nh6 9.
Na3 Rc8 10.b4 Bg6 11.Ne1 h4 12.Nac2 Nf5 13.Nd3 a5 14.Bd2 O-O 15.Nf4 Bh7 
16.Bd3 axb4 17.cxb4 Nb6 18.Qe2 Nc4 19.Bxc4 dxc4 20.Qxc4 c5 21.dxc5 Bxc5 
22.bxc5 Qxd2 23.Rfd1 Qa5 24.Nd3 Ne7 25.Nce1 h3 26.Rab1 Rc7 27.Rb5 Qa8 28.
Nf4 hxg2 29.Nf3 Nc6 30.Rd6 Bf5 31.Nxg2 Rfc8 32.Ne3 Na7 33.Nxf5 Nxb5 34.Qh4
exf5 35.Ng5 Rxc5 36.Rd7 Rc1+ 37.Kg2 b6+ 38.f3 R8c2+ 39.Kh3 1-0

[Event "11th EUR-ch"]
[Site "Rijeka CRO"]
[Date "2010.03.16"]
[Round "10"]
[White "Meier, Georg"]
[Black "Sanikidze, Tornike"]
[Result "0-1"]
[WhiteElo "2663"]
[BlackElo "2566"]
[EventDate "2010.03.06"]
[PlyCount "126"]

1.Nf3 Nf6 2.c4 e6 3.g3 d5 4.Bg2 Be7 5.O-O O-O 6.d4 dxc4 7.Qc2 a6 8.a4 Bd7 
9.Qxc4 Bc6 10.Bg5 a5 11.Nc3 Na6 12.Bxf6 Bxf6 13.e4 Nb4 14.Rfd1 Qb8 15.Rac1
Rd8 16.h4 b6 17.Ne1 Bb7 18.e5 Be7 19.d5 exd5 20.Nxd5 Nxd5 21.Bxd5 Rxd5 22.
Rxd5 Bxd5 23.Qxd5 Qd8 24.Qe4 Rc8 25.Nd3 Qd7 26.Kg2 Rd8 27.Rc3 Bb4 28.Nxb4 
axb4 29.Rc6 Re8 30.Qc4 Re7 31.b3 h6 32.Kh2 Qd2 33.Qc2 Qd4 34.f4 Rd7 35.e6 
fxe6 36.Rxe6 Qd2+ 37.Qxd2 Rxd2+ 38.Kh3 Rd3 39.Re7 c5 40.Rb7 Rxb3 41.Rxb6 
Rb1 42.a5 b3 43.a6 c4 44.a7 Ra1 45.Rb8+ Kh7 46.a8=Q Rxa8 47.Rxa8 b2 48.Rb8
c3 49.Kg2 c2 50.Rxb2 c1=Q 51.Re2 Qc6+ 52.Kf2 Qc5+ 53.Kg2 Qd5+ 54.Kf2 Kg6 
55.Re5 Qd2+ 56.Kf3 Qd1+ 57.Kg2 Kf6 58.Kf2 g6 59.Kg2 Qc1 60.Kf2 Qc2+ 61.Kf3
Qd2 62.g4 Qh2 63.g5+ Kf7 0-1

[Event "11th EUR-ch"]
[Site "Rijeka CRO"]
[Date "2010.03.16"]
[Round "10"]
[White "Laznicka, Viktor"]
[Black "Evdokimov, Alexander"]
[Result "1/2-1/2"]
[WhiteElo "2659"]
[BlackElo "2564"]
[EventDate "2010.03.06"]
[PlyCount "128"]

1.e4 c5 2.Nf3 Nc6 3.Bb5 g6 4.Bxc6 bxc6 5.O-O Bg7 6.Re1 Nh6 7.c3 O-O 8.d4 
Qb6 9.b3 d6 10.Nbd2 cxd4 11.cxd4 f6 12.Bb2 Nf7 13.Qc2 Bd7 14.Rad1 Rac8 15.
e5 Bf5 16.Qc1 Rfe8 17.Qa1 Be6 18.Re2 Bd5 19.Rde1 e6 20.h4 Qd8 21.Ne4 f5 
22.Ned2 dxe5 23.dxe5 h6 24.Re3 g5 25.hxg5 hxg5 26.g4 Nh6 27.Nh2 Rf8 28.Qd1
Rc7 29.Rg3 Rd7 30.Ba3 c5 31.Qc2 Ba8 32.Ndf1 Qc8 33.gxf5 Rxf5 34.Qxc5 Qb7 
35.f3 Bf8 36.Qc1 Qb6+ 37.Kg2 Bxa3 38.Qxa3 Qd4 39.Qc1 Kh7 40.Qc8 Bb7 41.Qc2
g4 42.Re3 gxf3+ 43.Nxf3 Ng4 44.Kh3 Nxe3 45.Nxe3 Qf4 46.Ng5+ Kh8 47.Nxf5 
Qf1+ 48.Kh4 exf5 49.Qc3 Qf4+ 50.Kh5 Rg7 51.e6 Bf3+ 52.Qxf3 Rxg5+ 53.Rxg5 
Qxf3+ 54.Kg6 Qe3 55.Kf6 f4 56.Kf7 Qh3 57.e7 Qh7+ 58.Kf6 Qh6+ 59.Rg6 Qh4+ 
60.Kf7 Qh7+ 61.Kf6 Qh4+ 62.Kf7 Qh7+ 63.Kf6 Qh4+ 64.Kf7 Qh7+ 1/2-1/2

[Event "11th EUR-ch"]
[Site "Rijeka CRO"]
[Date "2010.03.16"]
[Round "10"]
[White "Beliavsky, Alexander"]
[Black "Nijboer, Friso"]
[Result "1/2-1/2"]
[WhiteElo "2657"]
[BlackElo "2562"]
[EventDate "2010.03.06"]
[PlyCount "98"]

1.Nf3 f5 2.d3 Nc6 3.c4 Nf6 4.g3 e5 5.Bg2 g6 6.O-O Bg7 7.Nc3 d6 8.Rb1 O-O 
9.b4 h6 10.b5 Ne7 11.c5 Be6 12.Ba3 Ne8 13.cxd6 cxd6 14.Qa4 Rf7 15.Rfc1 g5 
16.Qd1 Rc8 17.Bb4 Ng6 18.Nd2 Nf6 19.Nb3 Rfc7 20.d4 e4 21.d5 Bf7 22.Nd4 
Nxd5 23.Nxd5 Rxc1 24.Rxc1 Rxc1 25.Qxc1 Bxd4 26.Qd2 Be5 27.Bh3 Be6 28.a4 
Kg7 29.Ne3 g4 30.Bf1 h5 31.Nd5 Bf7 32.a5 h4 33.e3 Ne7 34.Nf4 hxg3 35.hxg3 
Qc7 36.Kg2 Kg8 37.Ba3 Ng6 38.Nxg6 Bxg6 39.Bb2 Bf7 40.Bd4 b6 41.axb6 axb6 
42.Bxe5 dxe5 43.Qb4 Bd5 44.Qd2 Qc5 45.Qb2 Qc7 46.Qd2 Be6 47.Be2 Kf7 48.Qd1
Kg6 49.Qd2 Kf7 1/2-1/2

[Event "11th EUR-ch"]
[Site "Rijeka CRO"]
[Date "2010.03.16"]
[Round "10"]
[White "Cheparinov, Ivan"]
[Black "Maslak, Konstantin"]
[Result "1/2-1/2"]
[WhiteElo "2657"]
[BlackElo "2560"]
[EventDate "2010.03.06"]
[PlyCount "87"]

1.d4 Nf6 2.c4 g6 3.Nc3 d5 4.cxd5 Nxd5 5.e4 Nxc3 6.bxc3 Bg7 7.Bc4 c5 8.Ne2 
O-O 9.O-O Nc6 10.Be3 Na5 11.Bd3 b6 12.Rc1 e5 13.dxc5 Be6 14.c4 bxc5 15.
Bxc5 Bh6 16.Rc3 Re8 17.Be3 Bxe3 18.fxe3 Qc7 19.c5 Red8 20.Qa4 Rab8 21.Nc1 
Rb2 22.Rf2 Bd7 23.Qa3 Rxf2 24.Kxf2 Bc6 25.Kg1 Kg7 26.h3 h5 27.Nb3 Nxb3 28.
axb3 a5 29.b4 axb4 30.Qxb4 Rb8 31.Qa3 h4 32.Rc1 Qe7 33.Rb1 Ra8 34.Qc3 Ra2 
35.Bc2 Qg5 36.Rf1 Ra7 37.Rf2 Rc7 38.Rf5 Qe7 39.Rf2 Be8 40.Bb3 Rxc5 41.Qd2 
Rb5 42.Bd5 Rb1+ 43.Rf1 Rxf1+ 44.Kxf1 1/2-1/2

[Event "11th EUR-ch"]
[Site "Rijeka CRO"]
[Date "2010.03.16"]
[Round "10"]
[White "Babula, Vlastimil"]
[Black "Smirin, Ilia"]
[Result "1-0"]
[WhiteElo "2554"]
[BlackElo "2647"]
[EventDate "2010.03.06"]
[PlyCount "93"]

1.d4 Nf6 2.c4 g6 3.Nc3 Bg7 4.e4 d6 5.f4 O-O 6.Nf3 Na6 7.Bd3 e5 8.fxe5 dxe5
9.d5 Nc5 10.Bc2 a5 11.O-O Ne8 12.Be3 b6 13.Qd2 Nd6 14.b3 f5 15.exf5 gxf5 
16.Rae1 e4 17.Nd4 Bd7 18.Bh6 Qf6 19.Bxg7 Qxg7 20.Nce2 Rae8 21.Qe3 Re7 22.
Rf2 Kh8 23.Ref1 Rg8 24.Nf4 Qe5 25.Bd1 Qg7 26.Be2 Qe5 27.a3 Qf6 28.b4 axb4 
29.axb4 Nd3 30.Bxd3 exd3 31.Qxd3 Re4 32.Rd2 Qe5 33.Nfe6 Bxe6 34.dxe6 Rgg4 
35.Nf3 Qxe6 36.c5 Re3 37.Qd5 bxc5 38.bxc5 Qxd5 39.Rxd5 Ne4 40.Nd4 Nxc5 41.
h3 c6 42.Nxc6 Rc4 43.Ne5 Rc2 44.Rd8+ Kg7 45.Rxf5 Rg3 46.Rf7+ Kh6 47.Rd6+ 
1-0

[Event "11th EUR-ch"]
[Site "Rijeka CRO"]
[Date "2010.03.16"]
[Round "10"]
[White "Gustafsson, Jan"]
[Black "Shimanov, Alexander"]
[Result "0-1"]
[WhiteElo "2646"]
[BlackElo "2553"]
[EventDate "2010.03.06"]
[PlyCount "160"]

1.d4 Nf6 2.c4 g6 3.Nc3 Bg7 4.e4 d6 5.Nf3 O-O 6.Be2 e5 7.Be3 Ng4 8.Bg5 f6 
9.Bh4 g5 10.Bg3 Nh6 11.c5 Nc6 12.cxd6 cxd6 13.dxe5 dxe5 14.Bc4+ Kh8 15.h3 
Nd4 16.O-O g4 17.Nxd4 exd4 18.Nd5 gxh3 19.Qxd4 hxg2 20.Rfd1 Bg4 21.Kxg2 
Bxd1 22.Rxd1 f5 23.e5 f4 24.Nxf4 Qxd4 25.Rxd4 Nf5 26.Re4 Nxg3 27.Kxg3 Rf5 
28.Nd3 Rg5+ 29.Kh2 Rf8 30.f4 Rg6 31.Bb5 Rd8 32.Bc4 Rf8 33.Bb5 Rd8 34.Bc4 
a6 35.a4 Rf8 36.Bb3 Rf5 37.Bd1 Bf8 38.Bf3 b6 39.b4 Be7 40.Kh3 Rf8 41.Bg4 
h5 42.Bf3 Rfg8 43.Kh2 Rg3 44.Ne1 a5 45.f5 Bxb4 46.Bxh5 R3g5 47.Bg6 Bxe1 
48.Rxe1 Kg7 49.Re3 Rh8+ 50.Rh3 Rxh3+ 51.Kxh3 Rg1 52.Be8 Kf8 53.Bb5 Rb1 54.
Bd7 Ke7 55.e6 Rg1 56.Kh4 Kf6 57.Bb5 Rg2 58.Bd7 Rg7 59.Kh5 Rg5+ 60.Kh4 Rg7 
61.Kh5 Rg8 62.Kh4 Rg1 63.Bb5 Rg2 64.Bd7 Ke7 65.Kh5 Rg1 66.Kh4 Rg7 67.Bb5 
Rg8 68.Bd7 Kf6 69.Kh5 b5 70.Bxb5 Kxf5 71.Kh6 Kf6 72.Kh7 Rg1 73.Bd7 Rh1+ 
74.Kg8 Rh4 75.Bb5 Kxe6 76.Kg7 Rf4 77.Be8 Kd6 78.Kg6 Kc5 79.Kg5 Rf8 80.Bb5 
Kb4 0-1

[Event "11th EUR-ch"]
[Site "Rijeka CRO"]
[Date "2010.03.16"]
[Round "10"]
[White "Nikolov, Momchil"]
[Black "Predojevic, Borki"]
[Result "1/2-1/2"]
[WhiteElo "2550"]
[BlackElo "2639"]
[EventDate "2010.03.06"]
[PlyCount "71"]

1.d4 Nf6 2.c4 e6 3.Nc3 Bb4 4.Qc2 c5 5.dxc5 O-O 6.a3 Bxc5 7.Nf3 b6 8.Bg5 
Bb7 9.Rd1 h6 10.Bh4 Be7 11.e4 Nh5 12.Bxe7 Qxe7 13.Be2 Nf4 14.O-O f5 15.
Rfe1 Na6 16.Bf1 Nc5 17.Nd2 Qg5 18.Re3 fxe4 19.b4 Nfd3 20.Rg3 Qf5 21.Ndxe4 
Nxe4 22.Nxe4 Ne5 23.Re1 d5 24.cxd5 exd5 25.Qa2 Rad8 26.Rge3 Ng4 27.Rf3 Qh5
28.Rxf8+ Kxf8 29.h3 dxe4 30.Be2 Qd5 31.Qxd5 Rxd5 32.Bxg4 Rd3 33.Re3 Rxe3 
34.fxe3 Ke7 35.Kf2 Kf6 36.h4 1/2-1/2

[Event "11th EUR-ch"]
[Site "Rijeka CRO"]
[Date "2010.03.16"]
[Round "10"]
[White "Berg, Emanuel"]
[Black "Savchenko, Boris"]
[Result "1-0"]
[WhiteElo "2594"]
[BlackElo "2652"]
[EventDate "2010.03.06"]
[PlyCount "105"]

1.e4 c5 2.Nf3 Nc6 3.d4 cxd4 4.Nxd4 g6 5.Nc3 Bg7 6.Be3 Nf6 7.Bc4 d6 8.f3 
Qb6 9.Nf5 Qxb2 10.Nxg7+ Kf8 11.Nd5 Nxd5 12.Bxd5 Kxg7 13.O-O Qc3 14.Qc1 Be6
15.Rb1 Rhc8 16.Rb3 Qa5 17.Ra3 Qc7 18.Qa1+ Kg8 19.Bh6 Ne5 20.Bxe6 fxe6 21.
Kh1 Kf7 22.f4 Nc4 23.Qg7+ Ke8 24.Rc3 Kd7 25.f5 gxf5 26.exf5 exf5 27.Re1 
Re8 28.Qf7 Rac8 29.Bg5 b5 30.Qxf5+ e6 31.Qxb5+ Qc6 32.Qxc6+ Rxc6 33.Rh3 e5
34.Rxh7+ Ke6 35.Rxa7 Nb2 36.Re2 Rec8 37.h4 Rxc2 38.Re7+ Kf5 39.Rf7+ Kg6 
40.Rf6+ Kh7 41.Rh6+ Kg8 42.Rxc2 Rxc2 43.Rxd6 Rc7 44.Kh2 Nc4 45.Rg6+ Kh7 
46.Re6 Kg8 47.Rg6+ Kh7 48.Re6 Kg8 49.Kh3 Ra7 50.h5 Rxa2 51.Re8+ Kf7 52.h6 
Ra3+ 53.Kh2 1-0

[Event "11th EUR-ch"]
[Site "Rijeka CRO"]
[Date "2010.03.16"]
[Round "10"]
[White "Zhigalko, Sergei"]
[Black "Gyimesi, Zoltan"]
[Result "1/2-1/2"]
[WhiteElo "2648"]
[BlackElo "2586"]
[EventDate "2010.03.06"]
[PlyCount "61"]

1.e4 e5 2.Nf3 Nc6 3.Bb5 a6 4.Ba4 Nf6 5.O-O Be7 6.Re1 b5 7.Bb3 O-O 8.h3 Bb7
9.d3 d6 10.a3 Na5 11.Ba2 c5 12.Nbd2 Nc6 13.Nf1 Bc8 14.Ne3 Be6 15.c4 Rb8 
16.Bd2 h6 17.Bc3 Nd7 18.cxb5 axb5 19.b4 Nd4 20.Nd5 Ra8 21.Bb2 Bg5 22.Nxg5 
hxg5 23.Rc1 cxb4 24.Nxb4 Bxa2 25.Nxa2 Ne6 26.Nb4 Ndc5 27.g3 Na4 28.Ba1 
Nac5 29.Bb2 Na4 30.Ba1 Nac5 31.Bb2 1/2-1/2

[Event "11th EUR-ch"]
[Site "Rijeka CRO"]
[Date "2010.03.16"]
[Round "10"]
[White "Kotronias, Vasilios"]
[Black "Zviagintsev, Vadim"]
[Result "0-1"]
[WhiteElo "2593"]
[BlackElo "2643"]
[EventDate "2010.03.06"]
[PlyCount "130"]

1.e4 e5 2.Nf3 Nc6 3.Bb5 Nf6 4.O-O Nxe4 5.d4 Be7 6.Qe2 Nd6 7.Bxc6 bxc6 8.
dxe5 Nb7 9.Nd4 O-O 10.Rd1 Bc5 11.Qh5 Qe8 12.Be3 f5 13.Qxe8 Rxe8 14.Nxf5 
Rxe5 15.Bxc5 Rxf5 16.Be3 d6 17.c4 a5 18.Nc3 a4 19.Rac1 Be6 20.Rd4 Bf7 21.
f4 Na5 22.g4 Rc5 23.Nxa4 Rxc4 24.Nc3 c5 25.Rdd1 Rb4 26.Rc2 Nc6 27.Kf2 Nd4 
28.Rcd2 Nb5 29.Nxb5 Rxb5 30.a3 Rab8 31.b4 cxb4 32.axb4 Rxb4 33.Rc1 Bc4 34.
Bd4 Re8 35.Ra1 Bd5 36.Ra5 c6 37.Ra7 Rb3 38.Re2 Rf3+ 39.Ke1 Rxe2+ 40.Kxe2 
Rxf4 41.Rxg7+ Kf8 42.Be3 Rf7 43.Rg5 Be4 44.Kd2 c5 45.Rh5 Rf6 46.Rh4 Re6 
47.g5 Ke7 48.Rf4 Bg6 49.h4 Re5 50.Ra4 Rd5+ 51.Ke1 Ke6 52.Ra7 Rd3 53.Kf2 c4
54.h5 Bxh5 55.Rxh7 Bg6 56.Rg7 Be4 57.g6 d5 58.Rg8 Kf6 59.g7 Kf7 60.Rf8+ 
Kxg7 61.Rf4 Kg6 62.Ke2 c3 63.Rf8 d4 64.Bc1 Rh3 65.Rd8 Rh2+ 0-1

[Event "11th EUR-ch"]
[Site "Rijeka CRO"]
[Date "2010.03.16"]
[Round "10"]
[White "Gagunashvili, Merab"]
[Black "Kobalia, Mikhail"]
[Result "1/2-1/2"]
[WhiteElo "2582"]
[BlackElo "2637"]
[EventDate "2010.03.06"]
[PlyCount "195"]

1.d4 d5 2.c4 c6 3.Nf3 Nf6 4.Nc3 a6 5.a4 e6 6.Bg5 h6 7.Bxf6 Qxf6 8.a5 Nd7 
9.e3 g5 10.Bd3 Bg7 11.O-O O-O 12.cxd5 exd5 13.h3 Qe6 14.e4 dxe4 15.Nxe4 
Nf6 16.Nc5 Qd6 17.Re1 Rb8 18.Ne5 Nd7 19.Ne4 Qxd4 20.Nxf7 Rxf7 21.Ra4 Qd5 
22.Bc4 Qxd1 23.Rxd1 Ne5 24.Rd8+ Kh7 25.Bxf7 Nxf7 26.Re8 Be5 27.Nc5 Bf5 28.
Re7 Kg8 29.g4 Bh7 30.Nd7 Bd6 31.Nf6+ Kf8 32.Re3 Kg7 33.Ne8+ Kg8 34.Nxd6 
Nxd6 35.Rd4 Nf7 36.Re7 Bb1 37.Rdd7 Ba2 38.Rxb7 Rxb7 39.Rxb7 Bc4 40.Kg2 Ne5
41.Kg3 Nd3 42.b3 Bb5 43.Re7 Nf4 44.Re3 Ng6 45.Kf3 Kf7 46.Ke4 Ke6 47.b4 Nf4
48.Kd4+ Kd6 49.Re8 Nxh3 50.Rh8 Nxf2 51.Rxh6+ Ke7 52.Rg6 Nxg4 53.Rxg5 Nf6 
54.Rg6 Nd7 55.Rh6 Kd8 56.Rh8+ Kc7 57.Rh6 Kc8 58.Rh8+ Kb7 59.Rh7 Kc7 60.Rh6
Be2 61.Rh2 Bf3 62.Rh6 Bd5 63.Rh8 Nf6 64.Rh6 Nd7 65.Rh8 Bf3 66.Rh3 Bd1 67.
Rh1 Ba4 68.Rh7 Kd6 69.Rh6+ Ke7 70.Rg6 Bb5 71.Rh6 Nf6 72.Rg6 Ke6 73.Rh6 Kf5
74.Rh8 Nd5 75.Rf8+ Ke6 76.Kc5 Nf6 77.Kd4 Ke7 78.Rh8 Nd5 79.Kc5 Nf4 80.Kd4 
Nd3 81.Kc3 Ke6 82.Rd8 Nc1 83.Kd4 Kf6 84.Rf8+ Ke7 85.Rh8 Nd3 86.Kc3 Kf6 87.
Rf8+ Ke5 88.Re8+ Kd5 89.Rh8 Ke4 90.Re8+ Ne5 91.Re7 Kd5 92.Re8 Nf7 93.Rg8 
c5 94.bxc5 Kxc5 95.Rg7 Nd6 96.Rg5+ Kc6 97.Rg6 Kc7 98.Rxd6 1/2-1/2

[Event "11th EUR-ch"]
[Site "Rijeka CRO"]
[Date "2010.03.16"]
[Round "10"]
[White "Socko, Bartosz"]
[Black "Melkumian, Hrant"]
[Result "1-0"]
[WhiteElo "2637"]
[BlackElo "2582"]
[EventDate "2010.03.06"]
[PlyCount "93"]

1.e4 e5 2.Nf3 Nc6 3.Bb5 Nf6 4.O-O Nxe4 5.d4 Nd6 6.Bxc6 dxc6 7.dxe5 Nf5 8.
Qxd8+ Kxd8 9.Nc3 Ke8 10.h3 Be6 11.g4 Ne7 12.Ng5 Bd7 13.Rd1 Nd5 14.Nxd5 
cxd5 15.Rxd5 Bc6 16.Rd4 Bc5 17.Rf4 Rd8 18.Be3 Bxe3 19.fxe3 Rd2 20.Rf2 Rxf2
21.Kxf2 Ke7 22.Rd1 h5 23.Kg3 f6 24.exf6+ gxf6 25.Nf3 hxg4 26.Nh4 Rg8 27.
Nf5+ Ke6 28.hxg4 Be4 29.Kf4 Bxf5 30.gxf5+ Ke7 31.Rh1 Rg2 32.Rh7+ Kd8 33.
Rf7 Rf2+ 34.Ke4 Rxc2 35.Rxf6 Rxb2 36.Rh6 Ke7 37.Ke5 Rb5+ 38.Kf4 c5 39.a4 
Rb3 40.e4 c4 41.Ke5 c3 42.f6+ Kf7 43.Rh7+ Ke8 44.Rc7 a5 45.Kf5 Kd8 46.f7 
Kxc7 47.f8=Q 1-0

[Event "11th EUR-ch"]
[Site "Rijeka CRO"]
[Date "2010.03.16"]
[Round "10"]
[White "l`Ami, Erwin"]
[Black "Parligras, Mircea-Emilian"]
[Result "1/2-1/2"]
[WhiteElo "2628"]
[BlackElo "2551"]
[EventDate "2010.03.06"]
[PlyCount "62"]

1.d4 Nf6 2.c4 e6 3.Nf3 b6 4.g3 Ba6 5.Nbd2 c5 6.e4 cxd4 7.e5 Ng4 8.h3 Nh6 
9.Bg2 Nc6 10.O-O Nf5 11.a3 Be7 12.b4 Bb7 13.g4 Nh4 14.Nxh4 Bxh4 15.Ne4 Be7
16.Bg5 O-O 17.Bxe7 Nxe7 18.Qxd4 Bxe4 19.Bxe4 Rc8 20.Rad1 Qc7 21.Rfe1 Rfd8 
22.Qd6 Ng6 23.Bxg6 hxg6 24.Re4 Qxd6 25.Rxd6 g5 26.f4 gxf4 27.Rxf4 g5 28.
Rfd4 Rc7 29.Kg2 Kf8 30.h4 gxh4 31.g5 Ke7 1/2-1/2

[Event "11th EUR-ch"]
[Site "Rijeka CRO"]
[Date "2010.03.16"]
[Round "10"]
[White "Svetuschin, Dumitru"]
[Black "Drozdovskyi, Yuri"]
[Result "1/2-1/2"]
[WhiteElo "2554"]
[BlackElo "2627"]
[EventDate "2010.03.06"]
[PlyCount "113"]

1.e4 c6 2.d4 d5 3.e5 Bf5 4.Be3 e6 5.Nd2 Nd7 6.Be2 c5 7.Ngf3 Ne7 8.dxc5 Nc6
9.Nb3 Bg4 10.Nfd4 Bxe2 11.Qxe2 Ncxe5 12.O-O Be7 13.f4 Nc6 14.f5 exf5 15.
Bg5 Kf8 16.Rxf5 Bf6 17.Bxf6 Nxf6 18.Nxc6 bxc6 19.Nd4 Qd7 20.Raf1 h5 21.Re5
Re8 22.Nf5 Ne4 23.Rxe8+ Qxe8 24.Qe3 Qe5 25.b4 h4 26.Nd6 f6 27.Re1 Rh5 28.
Nxe4 dxe4 29.Qxe4 Qxe4 30.Rxe4 Rd5 31.Kf2 Rd2+ 32.Re2 Rd4 33.c3 Rd3 34.Rc2
Rd1 35.Ke2 Rg1 36.Kd3 Ke7 37.Kc4 Kd7 38.a4 a6 39.Ra2 Rf1 40.Rd2+ Kc7 41.
Kb3 f5 42.Kc4 g5 43.Kd3 g4 44.Ke3 f4+ 45.Ke4 g3 46.hxg3 fxg3 47.Re2 Rc1 
48.Kd3 Kd7 49.Rd2 Kc7 50.Rb2 Rd1+ 51.Ke3 Rc1 52.Kf4 Rxc3 53.Kg4 Rc4+ 54.
Kh3 Kb7 55.Rb3 Kc7 56.Rb2 Kb7 57.Rb3 1/2-1/2

[Event "11th EUR-ch"]
[Site "Rijeka CRO"]
[Date "2010.03.16"]
[Round "10"]
[White "Popov, Valery"]
[Black "Delchev, Alexander"]
[Result "1/2-1/2"]
[WhiteElo "2585"]
[BlackElo "2625"]
[EventDate "2010.03.06"]
[PlyCount "161"]

1.c4 Nf6 2.Nc3 e5 3.Nf3 Nc6 4.g3 Nd4 5.Bg2 Nxf3+ 6.Bxf3 Bb4 7.Qb3 Bc5 8.d3
h6 9.O-O O-O 10.Bg2 c6 11.Bd2 Re8 12.Rac1 a6 13.Na4 Ba7 14.c5 d5 15.cxd6 
Qxd6 16.Bb4 Qc7 17.Qc2 Be6 18.Bc5 Bxc5 19.Nxc5 Rad8 20.Nxe6 Rxe6 21.b4 Rd4
22.a3 Qd8 23.Rfe1 Re7 24.Rb1 Qd6 25.Red1 Rd7 26.Rdc1 Qe7 27.Bh3 R7d6 28.
Bg2 Rd7 29.Rd1 Qd8 30.Re1 Qe7 31.Rb3 g6 32.e3 R4d6 33.a4 Nd5 34.Bh3 Rd8 
35.Bf1 h5 36.Qb1 h4 37.Qc2 Kg7 38.Qb2 Qf6 39.Rc1 hxg3 40.hxg3 Nc7 41.Rc5 
Rd5 42.Rxd5 cxd5 43.Bg2 Ne6 44.a5 Rd7 45.b5 d4 46.bxa6 bxa6 47.exd4 Rxd4 
48.Qc3 Qf5 49.Bb7 Ra4 50.Bc8 Ra2 51.Qe1 Nd4 52.Bxf5 Nf3+ 53.Kf1 Nxe1 54.
Bc8 Ra1 55.Ke2 Nc2 56.Rb6 Nd4+ 57.Ke3 Ra2 58.Ke4 Rxa5 59.f4 Ne2 60.fxe5 
Nxg3+ 61.Kf3 Nh5 62.d4 Ra3+ 63.Ke4 Ng3+ 64.Kd5 a5 65.Rb7 Kf8 66.e6 fxe6+ 
67.Bxe6 Nf5 68.Rf7+ Ke8 69.Ra7 Ra1 70.Bd7+ Kd8 71.Bxf5 gxf5 72.Kd6 Kc8 73.
Rc7+ Kb8 74.Rc5 f4 75.Rf5 a4 76.Rxf4 a3 77.d5 a2 78.Rf2 Kb7 79.Rb2+ Ka6 
80.Kd7 Ka5 81.d6 1/2-1/2

[Event "11th EUR-ch"]
[Site "Rijeka CRO"]
[Date "2010.03.16"]
[Round "10"]
[White "Tregubov, Pavel"]
[Black "Oleksienko, Mykhailo"]
[Result "1/2-1/2"]
[WhiteElo "2625"]
[BlackElo "2525"]
[EventDate "2010.03.06"]
[PlyCount "78"]

1.d4 d5 2.Nf3 Nf6 3.c4 c6 4.Nc3 dxc4 5.a4 Bf5 6.Nh4 Bg4 7.h3 Bh5 8.g4 Bg6 
9.g5 Nd5 10.Nxg6 hxg6 11.e4 Nb4 12.Be3 Nd3+ 13.Bxd3 cxd3 14.Qxd3 e5 15.
O-O-O exd4 16.Bxd4 Qxg5+ 17.Kb1 Qe7 18.e5 Na6 19.e6 O-O-O 20.Rhe1 Rh4 21.
f4 Rxf4 22.Qe3 Rh4 23.Qf2 fxe6 24.Be5 Rxd1+ 25.Rxd1 Rh5 26.Bd6 Qf6 27.Qxf6
gxf6 28.Bxf8 Rxh3 29.Ne4 f5 30.Nd6+ Kc7 31.Nc4 b5 32.Bd6+ Kb7 33.axb5 cxb5
34.Ne5 g5 35.Be7 Re3 36.Rd7+ Kc8 37.Rd8+ Kc7 38.Rd7+ Kc8 39.Rd8+ Kc7 
1/2-1/2

[Event "11th EUR-ch"]
[Site "Rijeka CRO"]
[Date "2010.03.16"]
[Round "10"]
[White "Andriasian, Zaven"]
[Black "Mastrovasilis, Athanasios"]
[Result "0-1"]
[WhiteElo "2609"]
[BlackElo "2511"]
[EventDate "2010.03.06"]
[PlyCount "66"]

1.e4 e5 2.Nf3 Nc6 3.Bc4 Bc5 4.c3 Nf6 5.d3 O-O 6.O-O d5 7.exd5 Nxd5 8.b4 
Be7 9.b5 Na5 10.Bxd5 Qxd5 11.c4 Qd7 12.Bd2 e4 13.Bxa5 exf3 14.Qxf3 a6 15.
b6 cxb6 16.Bxb6 Bf6 17.d4 Bxd4 18.Rd1 Bxa1 19.Rxd7 Bxd7 20.Qxb7 Rae8 21.
Be3 Rb8 22.Qe4 Rfe8 23.Qc2 Ba4 24.Qc1 Bb2 25.Qe1 Rbd8 26.Nd2 Bc3 27.Qc1 
Bxd2 28.Bxd2 Re2 29.h3 Rdxd2 30.Qa3 Rxa2 31.Qd6 h6 32.Qd8+ Kh7 33.Qd3+ g6 
0-1

[Event "11th EUR-ch"]
[Site "Rijeka CRO"]
[Date "2010.03.16"]
[Round "10"]
[White "Lenic, Luka"]
[Black "Maiorov, Nikita"]
[Result "0-1"]
[WhiteElo "2603"]
[BlackElo "2510"]
[EventDate "2010.03.06"]
[PlyCount "137"]

1.d4 Nf6 2.c4 e6 3.Nf3 b6 4.a3 Bb7 5.Nc3 d5 6.cxd5 Nxd5 7.Qc2 Be7 8.e4 
Nxc3 9.bxc3 c5 10.Bb5+ Bc6 11.Bd3 Nd7 12.O-O Qc7 13.d5 exd5 14.exd5 Bxd5 
15.Be4 Nf6 16.Bxd5 Nxd5 17.Qa4+ Kf8 18.c4 Nf6 19.Re1 h5 20.Bg5 Rd8 21.Qc2 
Ng8 22.Rad1 Bxg5 23.Nxg5 Nf6 24.Qf5 Rxd1 25.Rxd1 h4 26.f4 Rh6 27.h3 Qe7 
28.Kh2 g6 29.Qe5 Rh5 30.Qc3 Kg7 31.Re1 Qd6 32.Qe5 Qxe5 33.Rxe5 Nh7 34.a4 
Kf8 35.Rd5 Ke7 36.Re5+ Kf8 37.Rd5 Nxg5 38.fxg5 Ke7 39.a5 Rh8 40.axb6 axb6 
41.g3 Ra8 42.gxh4 Ra4 43.h5 gxh5 44.Re5+ Kf8 45.Rf5 Rxc4 46.g6 b5 47.Rxf7+
Kg8 48.Rb7 b4 49.Kg3 h4+ 50.Kf3 Rd4 51.Rb5 Rd5 52.Kg4 Kg7 53.Rb6 Kh6 54.
Kxh4 Rh5+ 55.Kg4 Rg5+ 56.Kf4 Rxg6 57.Rb5 Rg5 58.Ke4 Kh5 59.Rb8 Kh4 60.Rh8+
Rh5 61.Rc8 Rg5 62.Rh8+ Kg3 63.Kd3 Kf2 64.Kc4 Ke2 65.Rd8 Rh5 66.Rd7 Kf2 67.
Ra7 Ke3 68.Rc7 Kf4 69.Rg7 0-1

[Event "11th EUR-ch"]
[Site "Rijeka CRO"]
[Date "2010.03.16"]
[Round "10"]
[White "Alexandrov, Alexei"]
[Black "Podolchenko, Evgeniy"]
[Result "1/2-1/2"]
[WhiteElo "2601"]
[BlackElo "2502"]
[EventDate "2010.03.06"]
[PlyCount "87"]

1.d4 d5 2.c4 dxc4 3.e4 Nf6 4.e5 Nd5 5.Bxc4 Nb6 6.Bb3 Nc6 7.Ne2 Bf5 8.Nbc3 
e6 9.a3 Qd7 10.Na4 O-O-O 11.Be3 h5 12.Nxb6+ axb6 13.Ba4 f6 14.exf6 gxf6 
15.Rc1 h4 16.f3 Bh6 17.Qd2 Bxe3 18.Qxe3 Qd6 19.Bxc6 bxc6 20.Kf2 Kb7 21.Qc3
Rh5 22.a4 Ra8 23.Ra1 Bh7 24.b4 e5 25.dxe5 Rxe5 26.Ra2 Bg8 27.Rd2 Bd5 28.a5
Rf5 29.axb6 cxb6 30.Qd3 Qxb4 31.Qxf5 Qxd2 32.Qd7+ Kb8 33.Qd8+ Kb7 34.Qe7+ 
Kb8 35.Qd8+ Kb7 36.Qd7+ Kb8 37.Qe8+ Kb7 38.Qe7+ Kb8 39.Qf8+ Kb7 40.Qg7+ 
Kb8 41.Qf8+ Kb7 42.Qe7+ Kb8 43.Qd8+ Kb7 44.Qd7+ 1/2-1/2